טוען...

Crisis

מידע ביבליוגרפי
מחבר ראשי: Robin Cook
פורמט: Printed Book
שפה:Undetermined
יצא לאור: London 2006
Pan books
נושאים:
LEADER 00637nam a2200241Ia 4500
008 141122s9999 xx 000 0 und d
020 |a 9780330445528 
040 |c . 
041 |a English 
082 |a 823 
082 |b COO/CR 
100 |a Robin Cook 
245 |a Crisis 
245 |c Robin Cook 
260 |b London 
260 |b Pan books 
260 |c 2006 
300 |a 532 Pages 
365 |a 299/-  
650 |a Novel 
942 |c BK 
999 |c 5632  |d 5632 
952 |0 0  |1 0  |4 0  |6 823_000000000000000_COOCR  |7 0  |9 5590  |a COVAS  |b COVAS  |d 0000-00-00  |g 299.00  |l 36  |m 16  |o 823 COO/CR  |p 21423  |r 2020-03-12  |s 2020-01-24  |w 2014-11-26  |y BK